Replanteamientos alimentarios /

Guardado en:
Autor Principal: Capdevila, Arturo
Formato: Libro
Publicado: La Plata : Ministerio de Educación de la Pcia. de Buenos Aires, 1960?
Materias:
Etiquetas: Agregar Etiqueta
Sin Etiquetas, Sea el primero en etiquetar este registro!
LEADER 00516nam a22001695a 4500
001 CEM.cems001405
005 20060214000000.0
008 130507s1960##################000#0#####d
003 CEMS
082 0 4 |a 612.39 
100 1 |a Capdevila, Arturo 
245 1 0 |a Replanteamientos alimentarios /  |c Arturo Capdevila 
260 |a La Plata :  |b Ministerio de Educación de la Pcia. de Buenos Aires,  |c 1960? 
300 |a 106 p. 
653 |a Metabolismo 
653 |a Nutricion 
859 |a CEMS  |b BIB. CEMS - 11 de abril  |h 612.39  |i C17  |p 10501.81  |t Ej.1